[Event "ICS Rated blitz match"]
[Site "204.178.125.65"]
[Date "2000.04.24"]
[Round "?"]
[White "Baxpace"]
[Black "Hossa"]
[Result "1-0"]
[WhiteElo "2596"]
[BlackElo "2389"]
[PlyCount "117"]
[EventDate "2000.??.??"]

1. e4 e5 2. Nf3 Nc6 3. Bb5 Bc5 4. c3 Nf6 5. d4 exd4 6. e5 Qe7 7. O-O Ne4 8.
cxd4 Bb4 9. a3 Ba5 10. Bd3 f5 11. exf6 gxf6 12. b4 d5 13. bxa5 Bg4 14. a6 bxa6
15. Qa4 Qe6 16. Nh4 Ng5 17. Nc3 O-O 18. f3 Bh5 19. Nxd5 Rad8 20. Nxc7 Qd6 21.
Nf5 Qxc7 22. Qxc6 Qxc6 23. Ne7+ Kh8 24. Nxc6 Rd6 25. Bxg5 fxg5 26. Be4 Be8 27.
d5 Kg7 28. Nxa7 Bd7 29. Rfe1 h5 30. Nc6 Re8 31. Rac1 Kf8 32. Na5 Rf6 33. Nb7
Re7 34. d6 Rg7 35. Rc7 g4 36. fxg4 hxg4 37. Bd3 a5 38. Rf1 Rxf1+ 39. Bxf1 g3
40. Nc5 gxh2+ 41. Kxh2 Bf5 42. Rxg7 Kxg7 43. d7 Bxd7 44. Nxd7 Kh7 45. Bd3+ Kh6
46. Ne5 Kg7 47. Kg3 Kf6 48. Kf4 Kg7 49. Nc6 a4 50. g4 Kf7 51. g5 Kg7 52. Kf5
Kf7 53. g6+ Kg7 54. Kg5 Kg8 55. Kf6 Kf8 56. Bf5 Kg8 57. Ne7+ Kf8 58. g7+ Ke8
59. g8=Q# {Hossa checkmated} 1-0

[Event "ICS rated blitz match"]
[Site "204.178.125.65"]
[Date "2000.04.24"]
[Round "?"]
[White "sekere"]
[Black "Hossa"]
[Result "0-1"]
[WhiteElo "2185"]
[BlackElo "2389"]
[PlyCount "37"]
[EventDate "2000.??.??"]

1. e4 e5 2. Nf3 Nc6 3. Bb5 a6 4. Ba4 Nf6 5. O-O Be7 6. Re1 b5 7. Bb3 d6 8. c3
O-O 9. h3 Bb7 10. d4 Re8 11. Nbd2 Bf8 12. Bc2 g6 13. b4 exd4 14. Nxd4 Bh6 15.
f3 d5 16. Nxc6 Bxc6 17. exd5 Nxd5 18. Ne4 Bg7 19. Bb2 {sekere resigns} 0-1

[Event "ICS rated blitz match"]
[Site "204.178.125.65"]
[Date "2000.04.24"]
[Round "?"]
[White "Hossa"]
[Black "sekere"]
[Result "1-0"]
[WhiteElo "2397"]
[BlackElo "2177"]
[PlyCount "95"]
[EventDate "2000.??.??"]

1. e4 e5 2. Nf3 Nc6 3. Nc3 Nf6 4. Nxe5 Nxe5 5. d4 Nc6 6. d5 Bb4 7. dxc6 Bxc3+
8. bxc3 O-O 9. cxd7 Bxd7 10. Bd3 Re8 11. f3 Qe7 12. O-O Qc5+ 13. Rf2 Rad8 14.
Qe1 Bb5 15. Be3 Qc6 16. Bd4 Ba6 17. Qf1 Bxd3 18. cxd3 b6 19. Qc1 Qe6 20. Qf4 c5
21. Bxf6 gxf6 22. Rd1 Qe5 23. Qd2 Re7 24. d4 Qh5 25. g4 Qh4 26. Rg2 Red7 27. d5
Qg5 28. f4 Qg6 29. Qd3 Kh8 30. c4 Rg8 31. Rdd2 Rd6 32. Rde2 Qh6 33. Qf3 Qh4 34.
Rg3 Qh6 35. Rd2 Qg6 36. a4 Re8 37. Re2 Rd7 38. g5 Rde7 39. gxf6 Qxf6 40. e5 Qh6
41. Reg2 Rd7 42. Rg7 Rdd8 43. Rxf7 Rg8 44. Kh1 Rxg2 45. Qxg2 Rg8 46. Qb2 Qg6
47. e6+ Rg7 48. Rf8# {sekere checkmated} 1-0

[Event "ICS rated blitz match"]
[Site "204.178.125.65"]
[Date "2000.04.24"]
[Round "?"]
[White "dingo13"]
[Black "Hossa"]
[Result "0-1"]
[WhiteElo "2014"]
[BlackElo "2404"]
[PlyCount "52"]
[EventDate "2000.??.??"]

1. d4 d5 2. Nf3 Nf6 3. g3 e6 4. Bg2 c5 5. O-O cxd4 6. Nxd4 Nc6 7. c4 Be7 8. Nc3
Nxd4 9. Qxd4 dxc4 10. Qxc4 O-O 11. Bf4 Qb6 12. Na4 Qb4 13. Rac1 Qxc4 14. Rxc4
Nd5 15. Be5 b5 16. e4 bxc4 17. exd5 exd5 18. Bxd5 Bh3 19. Bxa8 Bxf1 20. Bc6 Bh3
21. f4 Rd8 22. Bc3 Rd1+ 23. Kf2 Ra1 24. a3 Rf1+ 25. Ke3 Rd1 26. Be4 Bd7 {
dingo13 resigns} 0-1

[Event "ICS rated blitz match"]
[Site "204.178.125.65"]
[Date "2000.04.24"]
[Round "?"]
[White "Hossa"]
[Black "dingo13"]
[Result "1/2-1/2"]
[WhiteElo "2407"]
[BlackElo "2011"]
[PlyCount "145"]
[EventDate "2000.??.??"]

1. e4 c6 2. d4 d5 3. Nc3 e6 4. Nf3 Nf6 5. e5 Nfd7 6. Bg5 Qb6 7. Rb1 a6 8. Bd3
c5 9. dxc5 Nxc5 10. O-O Nxd3 11. cxd3 Bd7 12. d4 Nc6 13. Qd2 h6 14. Be3 Be7 15.
Rbc1 Nd8 16. b3 Rc8 17. Na4 Qa7 18. Rxc8 Bxc8 19. Rc1 Bd7 20. Nc5 b6 21. Nxd7
Kxd7 22. Qc3 Qb7 23. b4 b5 24. a3 Nc6 25. g3 Ra8 26. Bd2 a5 27. bxa5 Nxa5 28.
Qd3 Nc4 29. Bb4 g6 30. Qe2 Bxb4 31. axb4 Ra4 32. Qe1 Qa7 33. Rb1 Ra2 34. Qc1
Qa3 35. Qd1 Rb2 36. Ra1 Qxb4 37. Ra7+ Kc6 38. Qd3 Qb3 39. Qxb3 Rxb3 40. Rxf7 b4
41. Rf6 Rb1+ 42. Kg2 b3 43. Rxe6+ Kd7 44. Ra6 b2 45. e6+ Ke8 46. Ra8+ Ke7 47.
Rb8 Rd1 48. Ne5 b1=Q 49. Rxb1 Rxb1 50. Nxg6+ Kxe6 51. Nf4+ Kd6 52. Nh5 Rd1 53.
Ng7 h5 54. Nxh5 Rxd4 55. h4 Re4 56. Nf4 Rxf4 57. gxf4 d4 58. h5 d3 59. h6 d2
60. h7 d1=Q 61. h8=Q Qg4+ 62. Kf1 Nd2+ 63. Ke1 Nf3+ 64. Kf1 Nd2+ 65. Ke1 Nf3+
66. Kf1 Nd2+ 67. Ke1 Nf3+ 68. Kf1 Nd2+ 69. Ke1 Nf3+ 70. Kf1 Nd2+ 71. Ke1 Nf3+
72. Kf1 Nd2+ 73. Ke1 1/2-1/2

[Event "ICS rated blitz match"]
[Site "204.178.125.65"]
[Date "2000.04.24"]
[Round "?"]
[White "JenMan"]
[Black "Hossa"]
[Result "0-1"]
[WhiteElo "2034"]
[BlackElo "2394"]
[PlyCount "26"]
[EventDate "2000.??.??"]

1. d4 Nf6 2. Bg5 Ne4 3. Bf4 d5 4. Nd2 g5 5. Nxe4 gxf4 6. Nc3 Nc6 7. e3 fxe3 8.
fxe3 Bh6 9. Qf3 e6 10. Bd3 Bd7 11. Nge2 Qg5 12. Nf4 Nxd4 13. exd4 Qxf4 {
JenMan resigns} 0-1

[Event "ICS rated blitz match"]
[Site "204.178.125.65"]
[Date "2000.04.24"]
[Round "?"]
[White "bar20boy"]
[Black "Hossa"]
[Result "0-1"]
[WhiteElo "2245"]
[BlackElo "2398"]
[PlyCount "38"]
[EventDate "2000.??.??"]

1. e4 e5 2. Nf3 Nc6 3. Bb5 a6 4. Bxc6 dxc6 5. O-O f6 6. d4 Bg4 7. h3 Bxf3 8.
Qxf3 exd4 9. c3 dxc3 10. Nxc3 Bd6 11. Bf4 Ne7 12. Rad1 O-O 13. Qg3 Bxf4 14.
Qxf4 Qc8 15. Rd4 c5 16. Rd2 Nc6 17. Rfd1 c4 18. Rd7 Ne5 19. Qg3 Nxd7 {
bar20boy resigns} 0-1

[Event "ICS rated blitz match"]
[Site "204.178.125.65"]
[Date "2000.04.24"]
[Round "?"]
[White "Hossa"]
[Black "bar20boy"]
[Result "1-0"]
[WhiteElo "2402"]
[BlackElo "2222"]
[PlyCount "34"]
[EventDate "2000.??.??"]

1. e4 e5 2. Nf3 Nc6 3. Nc3 Bb4 4. a3 Ba5 5. b4 Bb6 6. b5 Nd4 7. Nxe5 Qe7 8. Nc4
d5 9. Nxd5 Qxe4+ 10. Nce3 Bg4 11. Bd3 Qxd3 12. Qxg4 Nxc2+ 13. Nxc2 Qxd5 14.
Qxg7 Qe6+ 15. Kd1 Bxf2 16. Rf1 O-O-O 17. Rxf2 Nf6 {bar20boy resigns} 1-0

[Event "ICS rated blitz match"]
[Site "204.178.125.65"]
[Date "2000.04.24"]
[Round "?"]
[White "bar20boy"]
[Black "Hossa"]
[Result "0-1"]
[WhiteElo "2204"]
[BlackElo "2406"]
[PlyCount "45"]
[EventDate "2000.??.??"]

1. e4 d5 2. Nc3 dxe4 3. Nxe4 Nd7 4. Nf3 Ngf6 5. Ng3 e6 6. Bc4 Nb6 7. Bb3 a5 8.
a4 Bd6 9. O-O O-O 10. d3 e5 11. Bg5 h6 12. Bh4 g5 13. Nxg5 hxg5 14. Bxg5 Be7
15. Bxf6 Bxf6 16. Qh5 Nd5 17. Ne4 Nf4 18. Qf3 Bg7 19. g3 Nh3+ 20. Kg2 Ra6 21.
Qe2 Ng5 22. Nc5 Rc6 23. Ne4 {bar20boy resigns} 0-1

[Event "ICS rated standard match"]
[Site "204.178.125.65"]
[Date "2000.04.24"]
[Round "?"]
[White "Neiva"]
[Black "Hossa"]
[Result "0-1"]
[WhiteElo "2208"]
[BlackElo "2353"]
[PlyCount "156"]
[EventDate "2000.??.??"]

1. e4 e5 2. Nf3 Nc6 3. Bb5 a6 4. Ba4 Nf6 5. O-O Be7 6. Re1 b5 7. Bb3 O-O 8. d4
exd4 9. e5 Ne8 10. Nxd4 Nxd4 11. Qxd4 d6 12. Bd5 Rb8 13. Qa7 Rb6 14. Qa8 dxe5
15. Rxe5 Rd6 16. Nc3 c6 17. Bf4 Nc7 18. Qa7 cxd5 19. Rd1 Rd7 20. Qb8 Bf6 21.
Ree1 Bxc3 22. bxc3 Ne6 23. Re3 Qa5 24. a3 Qxa3 25. Be5 Bb7 26. Qa7 Ra8 27. Qb6
Qa4 28. Re2 Qg4 29. f3 Qh4 30. Bd4 Re8 31. Rde1 Rc8 32. Re5 Qf4 33. Rd1 Qf6 34.
Rde1 Qh6 35. Qa5 Rc4 36. Rd1 Ra4 37. Qb6 Qg6 38. Rc1 Ra2 39. Qa7 Bc6 40. Qb6
Nf8 41. Re8 f5 42. Qb8 Qd6 43. Qc8 Rf7 44. Rd8 Bb7 45. Rxd6 Bxc8 46. Rxd5 f4
47. Rd8 Bf5 48. Re1 Ra3 49. Rb8 Bxc2 50. h4 Bd3 51. Ree8 Ra1+ 52. Kh2 h6 53.
Bc5 Kh7 54. Rxf8 Rf5 55. Rh8+ Kg6 56. Bd4 Rh5 57. Rb6+ Kf7 58. Rb7+ Ke6 59.
Re8+ Kd5 60. g3 Ra2+ 61. Kg1 fxg3 62. Rxg7 Rxh4 63. Be5 Rhh2 64. Rxg3 Rhe2 65.
Kh1 Re1+ 66. Rg1 Rxe5 67. Rxe5+ Kxe5 68. Rg8 Kf4 69. Rf8+ Kg3 70. Rg8+ Kxf3 71.
Kg1 Be4 72. Rf8+ Ke3 73. Rf7 h5 74. Rc7 h4 75. Rf7 h3 76. Rf3+ Bxf3 77. c4 h2+
78. Kf1 Ra1# {Neiva checkmated} 0-1

[Event "ICS rated blitz match"]
[Site "204.178.125.65"]
[Date "2000.04.24"]
[Round "?"]
[White "Hossa"]
[Black "feifeiwr"]
[Result "1-0"]
[WhiteElo "2410"]
[BlackElo "2157"]
[PlyCount "29"]
[EventDate "2000.??.??"]

1. e4 c5 2. Nf3 d6 3. d4 cxd4 4. Nxd4 Nf6 5. Nc3 a6 6. Bg5 e6 7. f4 Nbd7 8. Qf3
Qc7 9. O-O-O b5 10. Bxb5 axb5 11. Ndxb5 Qc6 12. e5 Nd5 13. Nxd5 exd5 14. Qxd5
Qxd5 15. Nc7# {feifeiwr checkmated} 1-0

[Event "ICS rated blitz match"]
[Site "204.178.125.65"]
[Date "2000.04.24"]
[Round "?"]
[White "feifeiwr"]
[Black "Hossa"]
[Result "0-1"]
[WhiteElo "2147"]
[BlackElo "2413"]
[PlyCount "76"]
[EventDate "2000.??.??"]

1. d4 Nf6 2. Nf3 g6 3. c4 Bg7 4. Nc3 O-O 5. g3 d5 6. Bg2 dxc4 7. Qa4 Nc6 8.
Qxc4 Be6 9. Qd3 Nb4 10. Qd1 Bf5 11. O-O Nc2 12. Rb1 Ne4 13. Nh4 Na3 14. Nxf5
Nxb1 15. Nxg7 Nbxc3 16. bxc3 Nxc3 17. Qc2 Qxd4 18. Bb2 Qxg7 19. Bxc3 e5 20. Qe4
c6 21. Bxe5 f6 22. Bc3 Qf7 23. g4 Qxa2 24. g5 Rae8 25. Qh4 Rxe2 26. Bxf6 Qd2
27. Qc4+ Rf7 28. Bf3 Re1 29. Rxe1 Qxe1+ 30. Kg2 a5 31. Bg4 Kf8 32. Be6 Rxf6 33.
gxf6 Qe5 34. f7 Qg5+ 35. Bg4 h5 36. Qd3 Qxg4+ 37. Kf1 a4 38. Qd7 Qxd7 {
feifeiwr resigns} 0-1

[Event "ICS rated blitz match"]
[Site "204.178.125.65"]
[Date "2000.04.24"]
[Round "?"]
[White "Hossa"]
[Black "feifeiwr"]
[Result "1-0"]
[WhiteElo "2416"]
[BlackElo "2139"]
[PlyCount "85"]
[EventDate "2000.??.??"]

1. e4 c5 2. Nf3 e6 3. d4 cxd4 4. Nxd4 a6 5. Nc3 Qc7 6. Be2 Nf6 7. O-O d6 8. Bg5
Be7 9. Qd2 O-O 10. Rad1 b5 11. Bf3 Bb7 12. a4 b4 13. Na2 a5 14. Bxf6 Bxf6 15.
Nb5 Qb6 16. Nxd6 Nc6 17. c4 Rad8 18. c5 Qa7 19. Qc1 Ba6 20. Rfe1 b3 21. Nb5 Qe7
22. Rd6 Bxb5 23. axb5 Nd4 24. Nc3 Rxd6 25. cxd6 Nxf3+ 26. gxf3 Qxd6 27. f4 Bd4
28. Ne2 Bc5 29. Nc3 Qd4 30. Qe3 Qb4 31. Qd3 Bd4 32. Rd1 Rd8 33. Qd2 h6 34. Nd5
Qxd2 35. Rxd2 Bxb2 36. Ne7+ Kf8 37. Rxd8+ Kxe7 38. Rd1 a4 39. b6 Bd4 40. Rxd4
a3 41. Rd1 a2 42. b7 b2 43. b8=Q {feifeiwr resigns} 1-0

[Event "ICS rated blitz match"]
[Site "204.178.125.65"]
[Date "2000.04.24"]
[Round "?"]
[White "dingo13"]
[Black "Hossa"]
[Result "0-1"]
[WhiteElo "1966"]
[BlackElo "2419"]
[PlyCount "38"]
[EventDate "2000.??.??"]

1. e4 e5 2. Nc3 Nf6 3. Bc4 Nxe4 4. Bxf7+ Kxf7 5. Nxe4 d5 6. Ng3 Nc6 7. h3 Be7
8. c3 Rf8 9. d4 exd4 10. cxd4 Bb4+ 11. Bd2 Qe7+ 12. Kf1 Bd6 13. N3e2 Kg8 14.
Nf3 Qf7 15. Be3 Bd7 16. a3 Rae8 17. Rc1 Qh5 18. g4 Bxg4 19. Nfg1 Rxe3 {
dingo13 resigns} 0-1

[Event "ICS rated standard match"]
[Site "204.178.125.65"]
[Date "2000.04.24"]
[Round "?"]
[White "Hossa"]
[Black "hankypanky"]
[Result "1-0"]
[WhiteElo "2363"]
[BlackElo "2120"]
[PlyCount "75"]
[EventDate "2000.??.??"]

1. e4 e6 2. d4 d5 3. Nc3 dxe4 4. Nxe4 Nd7 5. Nf3 Ngf6 6. Nxf6+ Nxf6 7. Bd3 Be7
8. Bg5 O-O 9. Qe2 c5 10. dxc5 Qa5+ 11. c3 Qxc5 12. Rd1 Rd8 13. Bxh7+ Nxh7 14.
Rxd8+ Bxd8 15. Bxd8 Bd7 16. Bh4 Bb5 17. Qe4 Qc7 18. Ne5 Nf6 19. Bxf6 gxf6 20.
Ng4 f5 21. Nf6+ Kg7 22. Qd4 e5 23. Qh4 Qc4 24. Qg5+ Kf8 25. Nh7+ Ke8 26. Qe3
Kd7 27. Qxe5 Qe4+ 28. Qxe4 fxe4 29. Nf6+ Kc7 30. h4 Bd3 31. Kd2 Kd6 32. g4 Ke5
33. g5 Rd8 34. Kc1 Kf4 35. b3 Kf3 36. Rh2 Bf1 37. a3 Bg2 38. Nxe4 {
hankypanky resigns} 1-0

[Event "ICS rated standard match"]
[Site "204.178.125.65"]
[Date "2000.04.24"]
[Round "?"]
[White "hankypanky"]
[Black "Hossa"]
[Result "0-1"]
[WhiteElo "2103"]
[BlackElo "2365"]
[PlyCount "76"]
[EventDate "2000.??.??"]

1. d4 d5 2. c4 e6 3. Nc3 Nf6 4. Nf3 Bb4 5. g3 dxc4 6. Bg2 Nc6 7. O-O Rb8 8. a4
Ra8 9. Be3 O-O 10. Rc1 Ba5 11. Nb5 Ne4 12. Rxc4 a6 13. Na3 Nd6 14. Rc1 Nf5 15.
Nc4 Bb4 16. Qb3 a5 17. Rfd1 Ra6 18. Nce5 Nxe3 19. Qxe3 Nxe5 20. dxe5 Qe7 21.
Nd4 Rd8 22. Nb5 c6 23. Nc3 Bd7 24. Ne4 Be8 25. h4 Raa8 26. Qb6 Rd5 27. Rxd5
exd5 28. Nd6 Bxd6 29. exd6 Qxd6 30. Qxb7 Rb8 31. Qa7 Rxb2 32. e3 Qd8 33. Rc5
Qf6 34. f4 Re2 35. Qb8 Rxe3 36. Rxa5 Qa1+ 37. Kh2 Qe1 38. f5 Qxa5 {
hankypanky resigns} 0-1

[Event "ICS rated blitz match"]
[Site "204.178.125.65"]
[Date "2000.04.24"]
[Round "?"]
[White "KyFats"]
[Black "Hossa"]
[Result "1-0"]
[WhiteElo "2683"]
[BlackElo "2421"]
[PlyCount "119"]
[EventDate "2000.??.??"]

1. e4 d5 2. exd5 Qxd5 3. Nc3 Qa5 4. d4 c6 5. Nf3 Nf6 6. Ne5 Nbd7 7. Nc4 Qc7 8.
d5 cxd5 9. Nxd5 Nxd5 10. Qxd5 e6 11. Qf3 Bb4+ 12. c3 Be7 13. Bf4 e5 14. Bg3 O-O
15. Bd3 Re8 16. O-O Bd8 17. Rad1 g6 18. Be4 Be7 19. Bd5 Rf8 20. Rfe1 Bf6 21.
Nd6 a5 22. Bc4 Kg7 23. Bxf7 Qc5 24. Be6 Be7 25. Qd3 Bxd6 26. Qxd6 Qxd6 27. Rxd6
Nf6 28. Bxc8 Raxc8 29. Bxe5 Rce8 30. Re3 g5 31. Rb6 Rd8 32. Bd4 Rf7 33. Re5 Kg6
34. Rxa5 h5 35. h3 Re8 36. Be3 g4 37. Rg5+ Kh7 38. Bd4 g3 39. fxg3 Re1+ 40. Kh2
Rf1 41. Bxf6 R1xf6 42. Rxh5+ Kg7 43. Rhb5 Rxb6 44. Rxb6 Kh8 45. h4 Kg8 46. g4
Re7 47. g5 Rg7 48. g6 Rd7 49. h5 Rd5 50. g4 Rd7 51. h6 Kh8 52. g7+ Kg8 53. g5
Re7 54. Rd6 Re8 55. g6 b5 56. Rd7 Re2+ 57. Kg3 Re3+ 58. Kf4 Re7 59. Rd8+ Re8
60. Rxe8# {Hossa checkmated} 1-0

[Event "ICS rated blitz match"]
[Site "204.178.125.65"]
[Date "2000.04.24"]
[Round "?"]
[White "Hossa"]
[Black "joejan"]
[Result "0-1"]
[WhiteElo "2415"]
[BlackElo "2099"]
[PlyCount "160"]
[EventDate "2000.??.??"]

1. e4 c5 2. c3 Nf6 3. e5 Nd5 4. d4 d6 5. c4 Nc7 6. dxc5 dxc5 7. Qxd8+ Kxd8 8.
Nf3 Nc6 9. Be3 b6 10. Nc3 Bg4 11. Be2 e6 12. Ng5 Bxe2 13. Nxf7+ Ke7 14. Nxh8
Bxc4 15. Bg5+ Ke8 16. b3 Bd5 17. O-O Be7 18. f4 Nd4 19. Rad1 Bc6 20. Rf2 Nd5
21. Rd3 Nxc3 22. Rxc3 Rd8 23. h4 Be4 24. h5 Rd7 25. Bxe7 Kxe7 26. Re3 Rd8 27.
Rxe4 Rxh8 28. g4 Rf8 29. Re3 Rf7 30. Kf1 Kd7 31. Rd3 Kc6 32. Kg2 Kd5 33. Kg3 b5
34. Rd1 b4 35. Rc2 a5 36. Rcd2 a4 37. Rh2 axb3 38. axb3 Ke4 39. Rb2 g6 40. hxg6
hxg6 41. Rc1 Kd5 42. Rcb1 Ra7 43. Kh4 Nf3+ 44. Kh3 Nd4 45. Kg3 Ra3 46. Kh4 Nf3+
47. Kh3 Nd4 48. Rd1 Ke4 49. f5 gxf5 50. gxf5 Kxf5 51. Rd3 Kxe5 52. Rg3 Kd5 53.
Kg2 e5 54. Re3 e4 55. Kf2 Ra6 56. Rh3 Rf6+ 57. Kg2 Rf3 58. Rh5+ Kc6 59. Rh3
Rxh3 60. Kxh3 e3 61. Kg2 Kd5 62. Rb1 Ke4 63. Kg3 Kd3 64. Rd1+ Kc3 65. Rb1 e2
66. Kf2 Kc2 67. Rg1 Kxb3 68. Rc1 c4 69. Rg1 c3 70. Rh1 c2 71. Ra1 Kb2 72. Re1
c1=Q 73. Rxc1 Kxc1 74. Ke1 Kc2 75. Kf2 Kd2 76. Kg2 e1=Q 77. Kh2 Qe4 78. Kh3 Qg6
79. Kh4 Nf5+ 80. Kh3 Qg3# {Hossa checkmated} 0-1

[Event "ICS rated blitz match"]
[Site "204.178.125.65"]
[Date "2000.04.24"]
[Round "?"]
[White "joejan"]
[Black "Hossa"]
[Result "0-1"]
[WhiteElo "2207"]
[BlackElo "2387"]
[PlyCount "96"]
[EventDate "2000.??.??"]

1. e4 e5 2. Nf3 Nc6 3. Bb5 a6 4. Bxc6 dxc6 5. Nc3 f6 6. h3 Be6 7. O-O g5 8. d4
exd4 9. Qxd4 Qxd4 10. Nxd4 Bd7 11. Re1 O-O-O 12. Be3 Bb4 13. a3 Bxc3 14. bxc3
Re8 15. f3 c5 16. Nb3 b6 17. Rad1 Ne7 18. Rd2 c4 19. Nc1 h5 20. Red1 Rd8 21. e5
Nf5 22. Re2 Nxe3 23. Rxe3 Rhe8 24. Rde1 fxe5 25. Rxe5 Ba4 26. Rxe8 Bxe8 27. Kf2
Bg6 28. Re5 Rd2+ 29. Re2 Rd1 30. Re1 Rxe1 31. Kxe1 Bxc2 32. Ne2 Kd7 33. f4 gxf4
34. h4 Bg6 35. Nxf4 Be8 36. Kd2 Kd6 37. Ke3 Ke5 38. Ne2 Bd7 39. Nd4 c5 40. Nf3+
Kf5 41. Nh2 b5 42. Nf3 a5 43. Ng5 b4 44. cxb4 axb4 45. axb4 cxb4 46. Ne4 Ke5
47. Ng3 b3 48. Ne2 Bf5 {joejan resigns} 0-1

[Event "ICS rated blitz match"]
[Site "204.178.125.65"]
[Date "2000.04.24"]
[Round "?"]
[White "Hossa"]
[Black "Vanhelgi"]
[Result "1-0"]
[WhiteElo "2395"]
[BlackElo "2318"]
[PlyCount "107"]
[EventDate "2000.??.??"]

1. e4 e6 2. d4 d5 3. Nc3 Bb4 4. e5 Ne7 5. a3 Bxc3+ 6. bxc3 b6 7. Nf3 Ba6 8.
Bxa6 Nxa6 9. Bg5 Nb8 10. Bxe7 Qxe7 11. O-O Nc6 12. Qe2 Na5 13. Nd2 O-O 14. Rfe1
Rac8 15. c4 dxc4 16. Nxc4 Nxc4 17. Qxc4 c5 18. d5 exd5 19. Qxd5 Rfd8 20. Qe4
Rd4 21. Qe2 Rcd8 22. Rad1 Qd7 23. Rxd4 cxd4 24. e6 fxe6 25. h3 Re8 26. Qe5 Re7
27. Re4 Qc7 28. Qxc7 Rxc7 29. Rxd4 Rxc2 30. Rd8+ Kf7 31. Rd7+ Kf6 32. Rxa7 Rc1+
33. Kh2 Ra1 34. h4 h6 35. h5 b5 36. Rb7 Rxa3 37. Rxb5 Rc3 38. Rb7 Rc5 39. g4
Rc3 40. f4 Rf3 41. Rb4 Re3 42. Kg2 e5 43. Kf2 Ra3 44. Rb6+ Kf7 45. fxe5 Rd3 46.
Rg6 Rd5 47. e6+ Kf8 48. e7+ Kxe7 49. Rxg7+ Ke6 50. Rg6+ Ke5 51. Rxh6 Kf4 52.
Rg6 Rd2+ 53. Ke1 Rh2 54. h6 {Vanhelgi resigns} 1-0

[Event "ICS rated blitz match"]
[Site "204.178.125.65"]
[Date "2000.04.24"]
[Round "?"]
[White "Hossa"]
[Black "joejan"]
[Result "1-0"]
[WhiteElo "2419"]
[BlackElo "2199"]
[PlyCount "59"]
[EventDate "2000.??.??"]

1. e4 c5 2. Nf3 d6 3. d4 cxd4 4. Nxd4 Nf6 5. Nc3 a6 6. Bg5 e6 7. f4 h6 8. Bh4
Be7 9. Qf3 Qc7 10. Be2 Nc6 11. Nxc6 Qxc6 12. O-O-O b5 13. e5 Nd5 14. Bxe7 Kxe7
15. Nxd5+ exd5 16. Rxd5 Be6 17. Rxd6 Qxf3 18. Bxf3 Ra7 19. Rhd1 a5 20. Bc6 Rb8
21. R1d3 b4 22. R3d4 a4 23. a3 b3 24. Bxa4 bxc2 25. Kxc2 Rc7+ 26. Rc6 Rxc6+ 27.
Bxc6 Bb3+ 28. Kc3 Be6 29. b4 Rc8 30. b5 {joejan resigns} 1-0

[Event "ICS rated blitz match"]
[Site "204.178.125.65"]
[Date "2000.04.24"]
[Round "?"]
[White "joejan"]
[Black "Hossa"]
[Result "0-1"]
[WhiteElo "2192"]
[BlackElo "2426"]
[PlyCount "88"]
[EventDate "2000.??.??"]

1. e4 e5 2. Nf3 Nc6 3. Bb5 a6 4. Bxc6 dxc6 5. Nc3 f6 6. h3 Be6 7. O-O g5 8. d4
exd4 9. Qxd4 Qxd4 10. Nxd4 Bd7 11. Re1 O-O-O 12. Be3 Bb4 13. a3 Bxc3 14. bxc3
Re8 15. f3 c5 16. Nb3 b6 17. Rad1 Ne7 18. Rd2 Bb5 19. Red1 Rd8 20. Kf2 Nc6 21.
g3 Ne5 22. f4 gxf4 23. gxf4 Nc4 24. Rxd8+ Rxd8 25. Rxd8+ Kxd8 26. Bc1 Bc6 27.
Kf3 f5 28. Nd2 Nd6 29. Ke3 Bxe4 30. Nxe4 Nxe4 31. c4 a5 32. Bb2 h5 33. Be5 a4
34. Kf3 Nd2+ 35. Kg3 Nxc4 36. Kh4 Nxa3 37. Kxh5 Nxc2 38. Kg6 a3 39. h4 a2 40.
h5 Nd4 41. h6 a1=Q 42. h7 Qg1+ 43. Kf7 Qh1 44. h8=Q+ Qxh8 {joejan resigns} 0-1

[Event "ICS rated blitz match"]
[Site "204.178.125.65"]
[Date "2000.04.24"]
[Round "?"]
[White "Brookie"]
[Black "Hossa"]
[Result "0-1"]
[WhiteElo "1986"]
[BlackElo "2433"]
[PlyCount "100"]
[EventDate "2000.??.??"]

1. d4 Nf6 2. c4 e6 3. Nc3 Bb4 4. Qc2 c5 5. e3 Nc6 6. Nf3 O-O 7. a3 cxd4 8. exd4
Bxc3+ 9. Qxc3 Ne4 10. Qc2 Qa5+ 11. Bd2 Nxd2 12. Qxd2 Qxd2+ 13. Kxd2 d5 14. c5
Bd7 15. Bd3 f6 16. b4 e5 17. Bb5 Bg4 18. Bxc6 bxc6 19. Kc3 Bxf3 20. gxf3 Rab8
21. Rhe1 Rfe8 22. Re3 Kf7 23. Rae1 exd4+ 24. Kxd4 a6 25. Rxe8 Rxe8 26. Rxe8
Kxe8 27. a4 Kd8 28. b5 axb5 29. axb5 cxb5 30. Kxd5 Kc7 31. c6 b4 32. Kc4 Kxc6
33. Kxb4 Kd5 34. Kc3 Ke5 35. Kd3 Kf4 36. Ke2 g5 37. h3 h5 38. Kf1 Kxf3 39. Kg1
h4 40. Kf1 g4 41. hxg4 h3 42. Kg1 Kxg4 43. Kh2 f5 44. f3+ Kxf3 45. Kxh3 f4 46.
Kh2 Ke3 47. Kg1 f3 48. Kf1 f2 49. Kg2 Ke2 50. Kg3 f1=Q {Brookie resigns} 0-1

[Event "ICS rated blitz match"]
[Site "204.178.125.65"]
[Date "2000.04.24"]
[Round "?"]
[White "Hossa"]
[Black "Brookie"]
[Result "1-0"]
[WhiteElo "2435"]
[BlackElo "1984"]
[PlyCount "39"]
[EventDate "2000.??.??"]

1. e4 e5 2. Nf3 Nc6 3. Nc3 Nf6 4. Nxe5 Nxe5 5. d4 Ng6 6. e5 Ng8 7. Bc4 d6 8.
Qf3 Qd7 9. O-O dxe5 10. dxe5 Nxe5 11. Re1 Bd6 12. Bf4 f6 13. Bb5 c6 14. Rad1
Qe6 15. Qg3 g5 16. Bxe5 Bxe5 17. f4 gxf4 18. Qg7 cxb5 19. Ne4 f5 20. Nd6+ {
Brookie resigns} 1-0

[Event "ICS rated blitz match"]
[Site "204.178.125.65"]
[Date "2000.04.24"]
[Round "?"]
[White "MissSilicon"]
[Black "Hossa"]
[Result "1-0"]
[WhiteElo "2546"]
[BlackElo "2437"]
[PlyCount "89"]
[EventDate "2000.??.??"]

1. e4 e5 2. Nf3 Nc6 3. Bb5 Bc5 4. O-O d6 5. c3 Bd7 6. d4 Bb6 7. dxe5 Nxe5 8.
Nxe5 dxe5 9. Qh5 c6 10. Qxe5+ Ne7 11. Bc4 O-O 12. Rd1 Ng6 13. Qg3 Qe7 14. Nd2
Ne5 15. Be2 Rad8 16. Nb3 c5 17. Be3 Ba4 18. Bf4 Bc7 19. h3 Rxd1+ 20. Rxd1 c4
21. Rd4 Bxb3 22. axb3 cxb3 23. Rd5 f6 24. Bd1 Kh8 25. Bxb3 Qe8 26. Qe3 Qb8 27.
Bxe5 fxe5 28. Rd7 Rf6 29. Qg5 Rg6 30. Qe7 Bb6 31. Bf7 Rg3 32. Rxb7 Qd8 33. Rxb6
Rd3 34. Bd5 Rd1+ 35. Kh2 Rxd5 36. exd5 Qg8 37. Rb7 h5 38. d6 Kh7 39. Qxe5 Kh6
40. g4 hxg4 41. hxg4 g6 42. Qf4+ g5 43. Qf6+ Qg6 44. Qh8+ Qh7 45. Qxh7# {
Hossa checkmated} 1-0

[Event "ICS rated blitz match"]
[Site "204.178.125.65"]
[Date "2000.04.24"]
[Round "?"]
[White "Hossa"]
[Black "joejan"]
[Result "1-0"]
[WhiteElo "2426"]
[BlackElo "2179"]
[PlyCount "66"]
[EventDate "2000.??.??"]

1. e4 c5 2. Nf3 d6 3. d4 cxd4 4. Nxd4 Nf6 5. Nc3 a6 6. Bg5 e6 7. f4 h6 8. Bh4
Be7 9. Qf3 Qc7 10. Be2 Nc6 11. Nxc6 Qxc6 12. O-O-O Bd7 13. e5 dxe5 14. fxe5 Ng8
15. Qg4 Bxh4 16. Qxg7 Bg5+ 17. Kb1 O-O-O 18. Qxh8 Qxg2 19. Qg7 Ne7 20. Qxf7 Nf5
21. Bd3 Ne3 22. Be4 Qh3 23. Bxb7+ Kc7 24. Rd4 Qf5 25. Qxf5 Nxf5 26. Rxd7+ Rxd7
27. Bxa6 Rd2 28. Bd3 Bf4 29. Ne2 Be3 30. Bc4 Kd7 31. a4 Nd4 32. Nxd4 Bxd4 33.
Re1 Rxh2 {joejan resigns} 1-0

[Event "ICS rated blitz match"]
[Site "204.178.125.65"]
[Date "2000.04.24"]
[Round "?"]
[White "TwinJet"]
[Black "Hossa"]
[Result "1-0"]
[WhiteElo "2855"]
[BlackElo "2432"]
[PlyCount "125"]
[EventDate "2000.??.??"]

1. d4 d5 2. c4 e6 3. Nc3 Nf6 4. Bg5 Be7 5. e3 O-O 6. Qb3 dxc4 7. Bxc4 Nc6 8.
O-O-O Na5 9. Qa4 Nxc4 10. Qxc4 Bd7 11. Nf3 Bc6 12. Bxf6 Bxf6 13. d5 exd5 14.
Nxd5 Rb8 15. Rd2 Bxd5 16. Qxd5 Qxd5 17. Rxd5 Rbd8 18. Rhd1 Rxd5 19. Rxd5 Be7
20. Rd7 Bd6 21. h4 Re8 22. Nd4 a5 23. Nf5 Be5 24. f4 Bd6 25. Nxd6 cxd6 26. Kd2
Rb8 27. Rxd6 b5 28. e4 g6 29. Rd7 Kg7 30. e5 Kg8 31. g4 a4 32. h5 gxh5 33. gxh5
Kf8 34. e6 fxe6 35. Rxh7 Rd8+ 36. Kc3 Rd5 37. h6 Rf5 38. Ra7 Kg8 39. h7+ Kh8
40. Kb4 Rd5 41. b3 axb3 42. axb3 Rf5 43. Re7 Rxf4+ 44. Kxb5 Re4 45. b4 Re2 46.
Kc4 Re4+ 47. Kc5 Re5+ 48. Kc6 Re1 49. b5 e5 50. b6 Rc1+ 51. Kb7 Re1 52. Kc8
Rc1+ 53. Rc7 Rf1 54. b7 Rf8+ 55. Kd7 Rb8 56. Rc8+ Kg7 57. h8=Q+ Kg6 58. Rg8+
Rxg8 59. Qxg8+ Kf5 60. b8=Q Kf4 61. Qg2 Ke3 62. Qxe5+ Kd3 63. Qge2# {
Hossa checkmated} 1-0